Estudio doctrinal y jurisprudencial del proceso civil

Detalles Bibliográficos
Autor principal: Paz Russi, Carlos Alberto
Formato: eBook
Lenguaje:español
Publicado: Bogot:̀ ECOE, 2015
Materias:
Acceso en línea:Acceso restringido

MARC

LEADER 00000nam a22000007a 4500
005 20220214202928.0
007 cr|||| ||||
008 220214s2015 co |||||s|||| 00||0 spa d
020 |a 978-958-771-291-9 
035 |a 35864 
040 |a vLex 
090 |c 12974  |d 12974 
100 1 |a Paz Russi, Carlos Alberto 
245 1 0 |a  Estudio doctrinal y jurisprudencial del proceso civil  |h [Recurso electrn̤ico] /  |c Carlos Alberto Paz Russi 
256 |a Servicio en ln̕ea 
260 |a Bogot:̀  |b ECOE,  |c 2015 
300 |a 1 recurso electrn̤ico 
506 1 |a Disponible solo en los productos indicados  |d vLex Global  |d vLex Global (Academic Edition, excluding Law Schools)  |d vLex Global (U.S. Academic Edition, Law Schools)  |d vLex Global (U.S. Academic Edition, excluding Law Schools)  |d vLex Global (Academic Edition, Law Schools) 
650 0 4 |a Derecho Civil  |z Colombia 
740 0 |a vLex Libros (Servicio en ln̕ea) 
856 4 0 |u https://app.vlex.com/#/sources/35864  |z Acceso restringido 
942 |c BOOK 
999 0 |a Civil Law